000 00727nam a2200229Ia 4500
003 CO-CtgCURN
005 20250408171717.0
008 190723s9999 xx 000 0 und d
020 _a9586903583
040 _aCO-CtgCURN
_bspa
_ccoctgcurn
082 _a345.052
_bR934d
100 _aRuiz Yepez, Luz America
245 0 _aEl delitos de testaferrato /
_cLuz America Ruiz Yepez
260 _aBogotá, Colombia :
_bLeyer,
_c2002
300 _a116 páginas ;
_c21 centímetros
521 _aAREA PROFESIONAL
590 _aPrograma de Derecho_18
650 _aDelitos
650 _aTestaferrato
942 _cBK
_h345.052
_iR934d
_2ddc
_n0
999 _c28949
_d28949